01066nam a2200241Ia 4500003000900000008004100009040001600050080001900066111009100085245022300176260004600399300001600445650004100461650002200502650003200524650001600556700003100572700003500603710004100638942000700679999001500686952012300701IN-BaIIA211028s9999 xx 000 0 eng d cIIA Library a523.42:43bTHE aConference on the atmospheres of venus and marscArizonad1967 Feb. 28 to Mar. 295727 4aThe atmospheres of venus and marsbproceedings of the symposium held in Tucson, Arizona from February 28 to March 2, 1967cedited by John C. Brandt and Michael B. Mcelroy  aNew YorkbGordon and Breach Sciencec1968 aviii, 288p. aAstronomy and astrophysics thesaurus aPlanet mars91263 aPlanetary atmospheres95728 aVenus91328 aBrandt, John C., ed.95729 aMcelroy, Michael B., ed.95730 aKitt Peak National Observatory95731 cBK c3225d3225 00104070aBANbBANcGENd1969-03-21g103.75l0o523.42:43/ THEp3583r2021-11-05v103.75w1969-03-21yBKGRs. 103.75